00302nam a2200121Ia 4500008004100000100001800041245001800059260005100077300000900128650001900137942000700156999001700163190216s9999||||xx |||||||||||||| ||und|| aRomila Thapar 0aAncient India bNational Council Of Educational Researchc1966 a351p aIndian History cBK c18717d18717